|
|
|
|
| LEADER |
01241nam a22002537a 4500 |
| 001 |
29609 |
| 003 |
BD-DhAAL |
| 005 |
20240911095551.0 |
| 008 |
151117s1984 bg bb f000 0 eng |
| 010 |
|
|
|a 85910557
|
| 040 |
|
|
|a DLC
|c DLC
|d DLC
|d BD-DhAAL
|
| 082 |
|
|
|a 307.1412095492
|2 22
|
| 245 |
0 |
0 |
|a Landless in Bangladesh :
|b realities and constraints.
|
| 264 |
|
|
|a Dhaka :
|b Research and Evaluation Division, Bangladesh Rural Advancement Committee,
|c 1984.
|
| 300 |
|
|
|a 30 [16] pages ;
|c 30 cm.
|
| 500 |
|
|
|a Includes statistical tables.
|
| 504 |
|
|
|a Includes bibliographical references (page 21).
|
| 650 |
|
|
|a Rural Development
|z Bangladesh.
|9 16264
|
| 852 |
|
|
|a Ayesha Abed Library
|c BRAC Resource Section
|
| 942 |
|
|
|2 ddc
|c BK
|
| 999 |
|
|
|c 36181
|d 36181
|
| 952 |
|
|
|0 0
|1 0
|2 ddc
|4 0
|6 307_141209549200000_LAN
|7 1
|9 56894
|a BRACUL
|b BRACUL
|c BRS
|d 2015-11-17
|l 1
|o 307.1412095492 LAN
|p 3010029609
|r 2025-12-30
|s 2025-03-23
|t 1
|w 2015-11-17
|y BK
|
| 952 |
|
|
|0 0
|1 0
|2 ddc
|4 0
|6 307_141209549200000_LAN
|7 1
|9 56895
|a BRACUL
|b BRACUL
|c BRS
|d 2015-11-17
|l 0
|o 307.1412095492 LAN
|p 3010029610
|r 2015-11-17
|t 2
|w 2015-11-17
|y BK
|
| 952 |
|
|
|0 0
|1 0
|2 ddc
|4 0
|6 307_141209549200000_LAN
|7 1
|9 56896
|a BRACUL
|b BRACUL
|c BRS
|d 2015-11-17
|l 0
|o 307.1412095492 LAN
|p 3010029611
|r 2015-11-17
|t 3
|w 2015-11-17
|y BK
|